<?xml version="1.0" encoding="UTF-8"?>
<record
    xmlns:xsi="http://www.w3.org/2001/XMLSchema-instance"
    xsi:schemaLocation="http://www.loc.gov/MARC21/slim http://www.loc.gov/standards/marcxml/schema/MARC21slim.xsd"
    xmlns="http://www.loc.gov/MARC21/slim">

  <leader>01420    a2200217   4500</leader>
  <controlfield tag="001">38539</controlfield>
  <controlfield tag="005">20260407155648.0</controlfield>
  <controlfield tag="008">260407a1985    arg                 spa d</controlfield>
  <controlfield tag="003">AR-UNSa-BCEJYS</controlfield>
  <datafield tag="040" ind1=" " ind2=" ">
    <subfield code="a">AR-UNSa-BCEJYS</subfield>
    <subfield code="b">spa</subfield>
    <subfield code="c">AR-UNSa-BCEJYS</subfield>
  </datafield>
  <datafield tag="080" ind1=" " ind2=" ">
    <subfield code="a">658.8.012.12</subfield>
    <subfield code="x">Investigaci&#xF3;n de mercados</subfield>
  </datafield>
  <datafield tag="245" ind1="1" ind2="0">
    <subfield code="a">Investigaci&#xF3;n de mercados</subfield>
    <subfield code="p">toma de decisiones del sector p&#xFA;blico y privado</subfield>
  </datafield>
  <datafield tag="020" ind1=" " ind2=" ">
    <subfield code="a">968-25-0746-4</subfield>
  </datafield>
  <datafield tag="264" ind1=" " ind2="1">
    <subfield code="a">M&#xE9;xico :</subfield>
    <subfield code="b">Interamericana</subfield>
    <subfield code="c">1985</subfield>
  </datafield>
  <datafield tag="300" ind1=" " ind2=" ">
    <subfield code="a">xvi, 590 p.</subfield>
    <subfield code="c">24 cm.</subfield>
  </datafield>
  <datafield tag="505" ind1=" " ind2=" ">
    <subfield code="a">1. Perspectiva general de la investigaci&#xF3;n de mercados en la toma de decisiones - 2. El proceso de investigaci&#xF3;n - 3. Dise&#xF1;o y realizaci&#xF3;n de la investigaci&#xF3;n - 4. Recolecci&#xF3;n de informaci&#xF3;n: m&#xE9;todos cualitativos y de observaci&#xF3;n - 5. Informaci&#xF3;n recibida de los entrevistados: m&#xE9;todos de encuesta - 6. Dise&#xF1;o de cuestionario - 7. Medici&#xF3;n de actitudes - 8. Aplicaciones de mediciones de actitudes a los problemas de mercadotecnia - 9. Muestreo - 10. Tama&#xF1;o de la muestra y teor&#xED;a estad&#xED;stica - 11. Experimentaci&#xF3;n - 12. Principios del an&#xE1;lisis de informaci&#xF3;n - 13. Comprobaci&#xF3;n de hipotesis - 14. Introducci&#xF3;n de una tercera variable - 15. An&#xE1;lisis factorial - 16. Escalas de dimensiones m&#xFA;ltiples y el an&#xE1;lisis de grupos - 17. An&#xE1;lisis de regresi&#xF3;n.</subfield>
  </datafield>
  <datafield tag="942" ind1=" " ind2=" ">
    <subfield code="c">BK</subfield>
  </datafield>
  <datafield tag="590" ind1=" " ind2=" ">
    <subfield code="a">niveau_biblio:m niveau_hierar:0</subfield>
  </datafield>
  <datafield tag="100" ind1="1" ind2=" ">
    <subfield code="a">Day, George S.</subfield>
  </datafield>
  <datafield tag="700" ind1="1" ind2=" ">
    <subfield code="a">Aaker, David A.</subfield>
  </datafield>
  <datafield tag="999" ind1=" " ind2=" ">
    <subfield code="c">2899</subfield>
    <subfield code="d">2899</subfield>
  </datafield>
  <datafield tag="952" ind1=" " ind2=" ">
    <subfield code="0">0</subfield>
    <subfield code="1">0</subfield>
    <subfield code="4">0</subfield>
    <subfield code="7">0</subfield>
    <subfield code="a">BCEJYS</subfield>
    <subfield code="b">BCEJYS</subfield>
    <subfield code="c">16</subfield>
    <subfield code="d">2026-04-07</subfield>
    <subfield code="l">0</subfield>
    <subfield code="o">658.8.012.12 A111</subfield>
    <subfield code="p">L45455</subfield>
    <subfield code="r">2026-04-07 15:56:48</subfield>
    <subfield code="w">2026-04-07</subfield>
    <subfield code="y">L</subfield>
  </datafield>
</record>
